| 000 | 00730nam a2200205 4500 | ||
|---|---|---|---|
| 001 | 113460 | ||
| 003 | ES-MaACL | ||
| 005 | 20230906185912.0 | ||
| 007 | t| | ||
| 008 | 061121s1965 sp r ||||1| spa d | ||
| 100 | 1 |
_aPablos, Basilio de. _988095 |
|
| 245 | 1 | 3 |
_aEl tiempo en la poesía de Juan Ramón Jiménez / _cBasilio de Pablos ; con un prólogo de Pedro Lain Entralgo. |
| 260 |
_aMadrid : _bGredos, _c1965. |
||
| 300 |
_a259 p. ; _c18 cm. |
||
| 490 | 1 |
_aBiblioteca románica hispánica. VII Campo abierto ; _v15 |
|
| 700 | 1 |
_aLaín Entralgo, Pedro, _d1908-2001 _969681 |
|
| 830 | 0 |
_aBiblioteca románica hispánica. VII Campo abierto ; _v15 _9181186 |
|
| 852 |
_aES-MaACL _jC-26649 _bR.55612 |
||
| 999 |
_c113460 _d113460 |
||